Standard handbook oil spill environmental forensics : fingerprinting and source identification

সংরক্ষণ করুন:
গ্রন্থ-পঞ্জীর বিবরন
বিন্যাস: Sách
ভাষা:Undetermined
প্রকাশিত:  Academic Press  2016
বিষয়গুলি:
ট্যাগগুলো: ট্যাগ যুক্ত করুন
কোনো ট্যাগ নেই, প্রথমজন হিসাবে ট্যাগ করুন!
Thư viện lưu trữ: Trung tâm Thư viện - Trường Đại học Công nghiệp TP. Hồ Chí Minh
LEADER 00545nam a2200133Ia 4500
001 UIH_02446
008 231011s9999 xx 000 0 und d
082 |a  363.25 
245 0 |a  Standard handbook oil spill environmental forensics : fingerprinting and source identification 
260 |b  Academic Press 
260 |c  2016 
650 |a  Environmental forensics; Pollution; Environmental chemistry; Hóa học môi trường;  
927 |a Sách 
980 |a Trung tâm Thư viện - Trường Đại học Công nghiệp TP. Hồ Chí Minh